| 000 | 01005nam a2200289 i 4500 | ||
|---|---|---|---|
| 001 | 1206552 | ||
| 003 | EG-ScBUE | ||
| 005 | 20240423101215.0 | ||
| 008 | 980708s1998 nyub f b 001 0 eng d | ||
| 020 | _a0452275636 (pbk.) | ||
| 020 | _a9780452275638 | ||
| 040 |
_aEG-ScBUE _beng _erda _cEG-ScBUE _dEG-ScBUE |
||
| 043 | _aa-ir--- | ||
| 082 | 0 | 4 |
_a955.05 _222 _bMAC |
| 100 | 1 |
_aMackey, Sandra, _d1937- _eauthor. _931537 |
|
| 245 | 1 | 4 |
_aThe Iranians : _bPersia, Islam, and the soul of a nation, with a new afterword by the author / _cSandra Mackey ; W. Scott Harrop, research assistant. |
| 264 | 1 |
_aNew York : _bPlume Book, _c1998. |
|
| 300 |
_axxii, 442 pages : _bmaps ; _c24 cm |
||
| 336 |
_2rdacontent _atext _btxt |
||
| 337 |
_aunmediated _2rdamedia _bn |
||
| 338 |
_avolume _bnc _2rdacarrier |
||
| 504 | _aIncludes bibliographical references and index. | ||
| 651 | 7 |
_aIran _xPolitics and government _y20th century. _2BUEsh _931538 |
|
| 653 | _cNovember2012 | ||
| 655 | _vReading book | ||
| 942 |
_2ddc _cBB |
||
| 999 |
_c17121 _d17093 |
||